Physics of the Earth's Upper Atmosphere (Record no. 3902)
[ view plain ]
| 000 -LEADER | |
|---|---|
| fixed length control field | 00674nam a2200229Ia 4500 |
| 003 - CONTROL NUMBER IDENTIFIER | |
| control field | IN-BaIIA |
| 008 - FIXED-LENGTH DATA ELEMENTS--GENERAL INFORMATION | |
| fixed length control field | 211028s9999 xx 000 0 eng d |
| 040 ## - CATALOGING SOURCE | |
| Transcribing agency | IIA Library |
| 080 ## - UNIVERSAL DECIMAL CLASSIFICATION NUMBER | |
| Universal Decimal Classification number | 551.51 |
| Item number | HIN |
| 245 #0 - TITLE STATEMENT | |
| Title | Physics of the Earth's Upper Atmosphere |
| Statement of responsibility, etc. | edited by C. O. Hines… [et al.] |
| 260 ## - PUBLICATION, DISTRIBUTION, ETC. | |
| Place of publication, distribution, etc. | Englewoodcliffs, N. J. |
| Name of publisher, distributor, etc. | Prentice-Hall |
| Date of publication, distribution, etc. | 1965 |
| 300 ## - PHYSICAL DESCRIPTION | |
| Extent | 434p. |
| 650 ## - SUBJECT ADDED ENTRY--TOPICAL TERM | |
| Topical term or geographic name entry element | Astronomy and Astrophysics Thesaurus |
| 650 ## - SUBJECT ADDED ENTRY--TOPICAL TERM | |
| Topical term or geographic name entry element | Earth |
| 650 ## - SUBJECT ADDED ENTRY--TOPICAL TERM | |
| Topical term or geographic name entry element | Meteorology |
| 650 ## - SUBJECT ADDED ENTRY--TOPICAL TERM | |
| Topical term or geographic name entry element | Upper Atmosphere |
| 9 (RLIN) | 2186 |
| 700 ## - ADDED ENTRY--PERSONAL NAME | |
| Personal name | Fejer. J. A., ed. |
| 9 (RLIN) | 6948 |
| 700 ## - ADDED ENTRY--PERSONAL NAME | |
| Personal name | Hartz, T. R., ed. |
| 9 (RLIN) | 6949 |
| 700 ## - ADDED ENTRY--PERSONAL NAME | |
| Personal name | Hines, C O., ed. |
| 9 (RLIN) | 6950 |
| 700 ## - ADDED ENTRY--PERSONAL NAME | |
| Personal name | Phagis, I., ed. |
| 9 (RLIN) | 6951 |
| 942 ## - ADDED ENTRY ELEMENTS (KOHA) | |
| Koha item type | Books |
| Withdrawn status | Lost status | Damaged status | Not for loan | Home library | Current library | Shelving location | Date acquired | Cost, normal purchase price | Total Checkouts | Full call number | Barcode | Date last seen | Cost, replacement price | Price effective from | Koha item type | Purchase Price |
|---|---|---|---|---|---|---|---|---|---|---|---|---|---|---|---|---|
| IIA Library-Bangalore | IIA Library-Kodaikanal | General Stacks | 02/05/1972 | 114.41 | 551.51/ HIN | 4358 | 05/11/2021 | 114.41 | 02/05/1972 | Books | Rs. 114.41 |